Memoriales de Fray Toribio de Motolinia (Record no. 10701)

MARC details
000 -CABECERA
campo de control de longitud fija 01000nam a2200277 a 4500
001 - NÚMERO DE CONTROL
campo de control BRL_1893
005 - FECHA Y HORA DE LA ÚLTIMA TRANSACCIÓN
campo de control 20190320211424.0
008 - DATOS DE LONGITUD FIJA--INFORMACIÓN GENERAL
campo de control de longitud fija 130815s1903----mx-a######---#000-0#spa-#
041 ## - CÓDIGO DE LENGUA
Código de lengua del texto/banda sonora o título independiente spa
044 ## - CÓDIGO DEL PAÍS DE LA ENTIDAD EDITORA/PRODUCTORA
Código MARC del país mx
050 #4 - SIGNATURA TOPOGRÁFICA DE LA BIBLIOTECA DEL CONGRESO
Número de clasificación F1219
Número de documento/Ítem .M68 1903
100 1# - ENTRADA PRINCIPAL--NOMBRE DE PERSONA
Nombre de persona Motolinia, Toribio
Fechas asociadas al nombre 1568
9 (RLIN) 8540
245 10 - MENCIÓN DE TÍTULO
Título Memoriales de Fray Toribio de Motolinia
Resto del título manuscrito de la colección del señor don Joaquín García Icazbalceta, que publícalo por primera vez su hijo Luis García Pimentel.
260 ## - PUBLICACIÓN, DISTRIBUCIÓN, ETC.
Lugar de publicación, distribución, etc. Méjico
Nombre del editor, distribuidor, etc. En Casa del Editor
Fecha de publicación, distribución, etc. 1903
300 ## - DESCRIPCIÓN FÍSICA
Extensión viii, 364 p.
Otras características físicas il., 1 lámina
Dimensiones 25 cm.
440 #0 - MENCIÓN DE SERIE/PUNTO DE ACCESO ADICIONAL--TÍTULO
Título Documentos Históricos de Mejico
Designación de volumen o secuencia 1
9 (RLIN) 28174
500 ## - NOTA GENERAL
Nota general Incluye apéndice
500 ## - NOTA GENERAL
Nota general Au1284
500 ## - NOTA GENERAL
Nota general Estado físico: Desojado.
500 ## - NOTA GENERAL
Nota general Ver también número de sistema 3173 perteneciente al Fondo General Franz Mayer
650 14 - PUNTO DE ACCESO ADICIONAL DE MATERIA--TÉRMINO DE MATERIA
Término de materia o nombre geográfico como elemento de entrada Calendario mexicano
9 (RLIN) 8542
650 14 - PUNTO DE ACCESO ADICIONAL DE MATERIA--TÉRMINO DE MATERIA
Término de materia o nombre geográfico como elemento de entrada Indígenas de México
9 (RLIN) 4678
700 1# - PUNTO DE ACCESO ADICIONAL--NOMBRE DE PERSONA
Nombre de persona García Pimentel, Luis
9 (RLIN) 8543
902 ## - CATALOGADOR
Iniciales GRL
942 ## - ELEMENTOS DE PUNTO DE ACCESO ADICIONAL (KOHA)
Fuente del sistema de clasificación o colocación Library of Congress Classification
Tipo de ítem Koha Libros
Holdings
Estado de retiro Estado de pérdida Estado dañado No para préstamo Localización permanente Ubicación/localización actual Fecha de adquisición Número de inventario Total de préstamos Signatura topográfica completa Código de barras Fecha visto por última vez Precio válido a partir de Tipo de ítem Koha
El ejemplar forma parte de la colección y puede ser consultado según las políticas vigentes.       Biblioteca Centro de Estudios Ruth D. Lechuga Biblioteca Centro de Estudios Ruth D. Lechuga 13/08/2015 Au1284   F1219 .M68 1903 (Au1284) GRL02093 22/03/2019 22/03/2019 Libros